Un traite egyptien d'ophiologie : papyrus du Brooklyn Museum no 47.2I8.48 et .85 /

محفوظ في:

المؤلف الرئيسي: Sauneron, Serge.

مؤلف مشترك: Brooklyn Museum.

التنسيق: كتاب

اللغة: French
Ancient Egyptian

منشور في: Le Caire : Institut francais d'archeologie orientale, c1989.

سلاسل: Bibliotheque generale (Institut francais d'archeologie orientale du Caire) ; 11.

الموضوعات:

الوسوم: إضافة وسم

لا توجد وسوم, كن أول من يضع وسما على هذه التسجيلة!

رقم الطلب: ( F )QL666 .O6 S163 1989

LEADER 01382cam a2200361 a 4500
001 ocm22380734
003 OSt
005 20241104061605.0
008 900830s1989 ua a b 000 0 fre
999 |c 55736  |d 55736 
010 |a  90960242  
020 |a 2724700775 
020 |a 9782724700770 
040 |c ARCE Library 
041 0 |a fre  |a egy 
050 4 |a ( F )QL666 .O6 S163 1989 
100 1 |a Sauneron, Serge. 
245 1 3 |a Un traite egyptien d'ophiologie :   |b papyrus du Brooklyn Museum no 47.2I8.48 et .85 /   |c Serge Sauneron. 
264 1 |a Le Caire :  |b Institut francais d'archeologie orientale,  |c c1989. 
300 |a xi, 243 pages :  |b illustrations ;  |c 33 cm. 
490 1 |a Bibliotheque generale ;  |v 11. 
500 |a Includes facsimile reproductions of the original papyruses. 
504 |a Includes bibliographical references. 
530 |a Also issued online. 
546 |a French and Hieroglyphics (Egyptian). 
610 2 0 |a Brooklyn Museum.  |k Manuscript.  |n Papyrus no. 47.218.48. 
610 2 0 |a Brooklyn Museum.  |k Manuscript.  |n Papyrus no. 47.218.85. 
650 0 |a Snakes  |v Early works to 1800. 
710 2 |a Brooklyn Museum.  |k Manuscript.  |n Papyrus no. 47.218.48. 
710 2 |a Brooklyn Museum.  |k Manuscript.  |n Papyrus no. 47.218.85. 
830 0 |a Bibliotheque generale (Institut francais d'archeologie orientale du Caire) ;  |v 11. 
901 |a reviewed 
942 |2 lcc  |c BK